000 00663nam a2200217Ia 4500
003 GCL
008 140319s9999 xx 000 0 ara d
020 _a0294409960
040 _aGCL /
_cGCL
082 0 4 _a926.58
_bهـ س
100 1 _aهللر، روبرت
245 1 0 _aستيفن كوفى /
_cهللر، روبرت
700 1 _aغسان علم الدين
250 _aالاولى
260 _aالرياض :
_bمكتبة العبيكان ،
_c2004
300 _a123 ص ؛
_c20 سم
490 _aسلسلة عمالقة الاعمال
_v0
650 0 4 _aادارة الاعمال - تراجم
650 0 4 _aكوفى، ستيفن
942 _2ddc
_cBK
999 _c7912
_d7912